| 000 | 01025nam a22003017a 4500 | ||
|---|---|---|---|
| 001 | 6611 | ||
| 003 | FISKH | ||
| 005 | 20250513114159.0 | ||
| 008 | 250513b cb ||||| |||| 00| 0 eng d | ||
| 020 | _a9780590457156 | ||
| 040 |
_aFISKH _beng _cFISKH _dFISKH |
||
| 050 | _aPZ7.B64827 A | ||
| 082 | _a973.7 | ||
| 100 |
_aBorden, Louise _d(1949-) |
||
| 245 |
_aA.Lincoln and me / _cBy Louise Borden ; Illustrated by Ted Lewin |
||
| 250 | _aThis edition first published in 2001 | ||
| 260 |
_aNew York : _bScholastic, _c1999 |
||
| 300 |
_a30 pages : _bcolor illustrations ; _c28 cm |
||
| 505 | _aN | ||
| 520 | _aWith the help of his teacher, a young boy realizes that he not only shares his birthday and similar physical appearance with Abraham Lincoln, but that he is like him in other ways as well. | ||
| 521 | 8 |
_a580
_bLexile |
|
| 521 | 8 |
_aN
_bRaz-Plus |
|
| 650 |
_2Heroes _aPresident |
||
| 650 |
_2President's Day _aCivil War |
||
| 700 |
_aLewin, Ted _dillustrator |
||
| 942 |
_2ddc _cBK _n0 |
||
| 999 |
_c6611 _d6611 |
||